Strážca hradu /
Saved in:
| Main Author: | |
|---|---|
| Other Authors: | |
| Format: | Book |
| Language: | Slovak English |
| Published: |
Bratislava :
Mladé letá,
2008.
|
| Edition: | 1. vyd. |
| Series: | Psia hliadka
|
| Subjects: | |
| ISBN: |
9788010013890 (brož.) |
| Physical Description: |
111 s. ; 20 cm. |
| Tags: |
Add Tag
No Tags, Be the first to tag this record!
|
Titul je dostupný aj v ... 

MARC
| LEADER | 00000nam a2200000 a 4500 | ||
|---|---|---|---|
| 001 | 000342621 | ||
| 005 | 20090223070824.0 | ||
| 008 | 081016s2008 xo c 000 f slo d | ||
| 020 | |a 9788010013890 (brož.) | ||
| 040 | |a SVKKK |b slo |c SVKKK |e AACR2 | ||
| 041 | 1 | |a slo |h eng | |
| 044 | |a xo |c SK | ||
| 072 | 7 | |a 821.111-3 |x Anglická próza, anglicky písaná |2 konspekt | |
| 072 | 7 | |a 821-93 |x Literatúra pre deti a mládež |2 konspekt | |
| 080 | |a 821.111-31 |2 2001 | ||
| 080 | |a 821-93 |2 2001 | ||
| 100 | 1 | |a Dale, Jenny | |
| 240 | 1 | 0 | |a King of the castle, puppy patrol. |l Slovensky |
| 245 | 1 | 0 | |a Strážca hradu / |c Jenny Dale ; [translation Tamara Chovanová]. |
| 250 | |a 1. vyd. | ||
| 260 | |a Bratislava : |b Mladé letá, |c 2008. | ||
| 300 | |a 111 s. ; |c 20 cm. | ||
| 490 | 1 | |a Psia hliadka | |
| 500 | |a Preklad z angl. orig. | ||
| 500 | |a Údaj o prekl. prevzatý z rubu titul. strany | ||
| 655 | 7 | |a anglické romány |2 SVKKKPH | |
| 655 | 7 | |a príbehy o zvieratách |2 SVKKKPH | |
| 655 | 7 | |a publikácie pre deti |2 SVKKKPH | |
| 700 | 1 | |a Chovanová, Tamara, |d 1953- |4 trl | |
| 765 | 0 | |t King of the castle, puppy patrol. Slovensky |a Dale, jenny | |
| 830 | 0 | |a Psia hliadka | |
| 910 | |a svkkk | ||
| 919 | |a 978-80-10-01389-0 | ||
| 998 | |a BK | ||
| 090 | |g SCKHL |k Sklad Hlavná 10 prízemie |a III.211723 |j 1003454 |i 2720193412 |s Povinný výt. | ||